| 000 | 00600nam a2200193 i 4500 | ||
|---|---|---|---|
| 001 | 95671 | ||
| 003 | ES-MaACL | ||
| 005 | 20230906181742.0 | ||
| 007 | t| | ||
| 008 | 050602s1957 sp ||||1| spa d | ||
| 100 | 1 |
_aLloveras, Gonçal ( _d1926-) _972939 |
|
| 245 | 1 | 0 |
_aCartas a un profano en Medicina / _cDr. Gonzalo Lloveras; prólogo del Dr. Juan Vilaclara. |
| 260 |
_aBarcelona : _bAymá, _c1957. |
||
| 300 |
_a170 p. ; _c18 cm. |
||
| 490 | 1 | _aVivir es saber. Saber es vivir | |
| 830 | 0 |
_aVivir es saber. Saber es vivir _9182014 |
|
| 852 |
_aES-MaACL _jC-13941 _bR.41715 |
||
| 999 |
_c95671 _d95671 |
||